Personnalités dont le nom commence par la lettre K (par images) - Statistiques

Statistiques générales
  • Ce quiz a été pris 428 fois
  • Le résultat moyen est 7 sur 16
Statistiques - réponses
Par images Réponse % Correct
Kim Kardashian
93%
Nikola Karabatic
67%
Kaká
60%
Adriana Karembeu
50%
Mathieu Kassovitz
50%
Lenny Kravitz
48%
Nicole Kidman
46%
Patricia Kaas
43%
Raymond Kopa
39%
Ashton Kutcher
33%
Claire Keim
33%
Christine Kelly
26%
Michael Keaton
26%
Stanley Kubrick
26%
Stephen King
25%
Bernard Kouchner
18%
Aucun quiz correspondant
Distribution des résultats
% des personnes avec chaque résultat
Percentile par nombre de réponses
Votre historique - résultats
Vous n’avez pas pris ce quiz